Most Known Capitals - Statistics

General Stats
  • This quiz has been taken 39 times
  • The average score is 11 of 15
Answer Stats
Hint Answer % Correct
1 Paris
100%
7 Moscow
94%
4 Berlin
92%
2 London
92%
5 Madrid
92%
2 Rome
92%
9 Tokyo
92%
5 Washington D.C.
89%
14 Lisbon
67%
8 Athens
64%
12 Amsterdam
61%
11 Oslo
58%
9 Dublin
56%
14 Brussels
50%
12 Vatican city
17%
No matching quizzes found
Score Distribution
Percent of People with Each Score
Percentile by Number Answered
Your Score History
You have not taken this quiz